00281nam a2200109Ia 4500008004100000082001600041100002000057245003000077250000800107260003300115650002300148150201s2009 xx 000 0 und d a618.1bA04K aKOTDAWALA,PARUL aADOLESCENT GIRL-AN UPDATE a1ST bJAYPEE BROTHERSaDELHIc2009 aOBST & GYNAECOLOGY